000 00654nam a2200205Ia 4500
005 20241216011221.0
008 190429s9999||||xx |||||||||||||| ||und||
082 _a636.08551
_bM26
100 _aMARIN FREY HELGA SARA
245 0 _aCOMPORTAMIENTO DE LA ASOCIACION DEL FRIJOL JACINTO, (DOLICHOS LABLAB) CON MAIZ (ZEA MAYZ) PARA USO COMO FORRAJE
250 _a0
260 _aCERRO DE PASCO-PERU
_bUNDAC
_c1989
300 _a78 pag.
_c30 cm.
341 _h0
490 _v0
_a0
505 _aFORRAJE-EVALUACION AGRONOMICAS/RENDIMIENTO-PORCENTAJE
541 _aD
_bFAC. DE CC. AA.
_d13-Jun-96
_oSoles
650 _aZootecnia - Oxapampa
942 _cTESIS
999 _c35831
_d35831